000 00877nas a2200277 4500
001 BR0903534
003 BR-BrBNA
005 20231205113440.0
007 ta
008 230509b bl.|||p| |||| 00| 00por d
040 _aBR-BrBNA
_bpor
_cBiblioteca Nacional de Agricultura
041 _a(Pt)
072 _aJ14
100 1 _aGarcia-Torchelsen, L.
100 1 _aTreptow, R. de O.
100 1 _aPorciuncula, B.D.
100 1 _aQueiroz, M.I.
245 1 _aCaracterização do odor da anchoita (Engraulis anchoita)armazenada em gelo e água do mar
650 _aPEIXE MARINHO
650 _aARMAZENAMENTO
650 _aODOR
773 0 _tAlimentos e Nutrição (Brazil)
_xISSN 0103-4235
_g(Jul-Sep 2008), v. 19(3) p. 249-257
_wBR0903534
856 4 0 _uhttp://www.aprh.pt/rgci/pdf/rgci-155_Borges.pdf
909 _a202311
_bLúcia
_c55
_dLúcia Elande
942 _2AGRIS
_n0
_cANA
999 _c203823
_d203823